| 000 | 00000nam##2200000za#4500 |
| 001 | 9.571720 |
| 003 | CaOODSP |
| 005 | 20210624182850 |
| 007 | cr ||||||||||| |
| 008 | 150406|2000||||xxc|||||o f|0| 0 eng|d |
| 040 | |aCaOODSP|beng |
| 043 | |an-cn--- |
| 086 | 1 |aNH18-23/50-2E-PDF |
| 110 | 2 |aCanada Mortgage and Housing Corporation. |
| 245 | 10|aGreenhouse gas emissions from urban travel : |h[electronic resource]|btool for evaluating neighbourhood sustainability |
| 250 | |aRev. 2 |
| 260 | |aOttawa - Ontario : |bCanada Mortgage and Housing Corporation |c[2000]. |
| 300 | |a4p.|bgraph |
| 490 | 1 |aResearch highlight. Socio-economic series|v50-2 |
| 590 | |a11-22-Supp|b2011-10-13 |
| 690 | 07|aAir pollution|2gcpds |
| 690 | 07|aFuels|2gcpds |
| 690 | 07|aUrban transit|2gcpds |
| 775 | 08|tÉmissions de gaz à effet de serre du transport urbain : |w(CaOODSP)9.602146 |
| 776 | 0#|tGreenhouse gas emissions from urban travel : |w(CaOODSP)9.615340 |
| 830 | #0|aResearch highlight. Socio-economic series ;|v50-2|w(CaOODSP)9.505168 |
| 856 | 40|ahttp://publications.gc.ca|qPDF|s144 KB|uhttps://publications.gc.ca/collections/Collection/NH18-23-50-2E.pdf|y50-2 |